[Event "Greek Team Championship"]
[Site "chess24.com"]
[Date "2017.07.08"]
[Round "7"]
[White "Vitsaxaki, Iris"]
[Black "Kiousi, Panagiota"]
[Result "1-0"]
[Board "7"]
[WhiteElo "1419"]
[WhiteCountry "GRE"]
[WhiteFideId "4249070"]
[WhiteEloChange "13"]
[BlackElo "1530"]
[BlackCountry "GRE"]
[BlackFideId "25803476"]
[BlackEloChange "-13"]

1. d4 {[%clk 1:30:57]} Nf6 {[%clk 1:30:50]} 2. Bf4 {[%clk 1:31:09]} c5 {[%clk
1:30:30]} 3. dxc5 {[%clk 1:23:39]} e6 {[%clk 1:27:03]} 4. Nd2 {[%clk 1:20:48]}
Bxc5 {[%clk 1:26:30]} 5. e3 {[%clk 1:21:04]} O-O {[%clk 1:24:51]} 6. c3 {[%clk
1:21:03]} Nc6 {[%clk 1:24:08]} 7. Ngf3 {[%clk 1:21:22]} d5 {[%clk 1:22:59]} 8.
Bd3 {[%clk 1:21:25]} Re8 {[%clk 1:22:29]} 9. Bg5 {[%clk 1:17:28]} h6 {[%clk
1:21:04]} 10. Bh4 {[%clk 1:17:25]} b6 {[%clk 1:12:15]} 11. O-O {[%clk 1:17:36]}
Bb7 {[%clk 1:12:14]} 12. Nb3 {[%clk 1:17:12]} Bd6 {[%clk 1:11:07]} 13. Bc2 {[%clk
1:13:51]} Qc7 {[%clk 0:52:11]} 14. Bg3 {[%clk 1:09:40]} Bxg3 {[%clk 0:51:42]} 15.
hxg3 {[%clk 1:09:01]} Ne5 {[%clk 0:46:53]} 16. Nxe5 {[%clk 1:04:56]} Qxe5 {[%clk
0:47:09]} 17. Qd4 {[%clk 1:05:17]} Qc7 {[%clk 0:44:49]} 18. Qd1 {[%clk 1:00:43]}
Rac8 {[%clk 0:44:36]} 19. Bd3 {[%clk 1:00:33]} Ba8 {[%clk 0:35:31]} 20. Be2
{[%clk 0:59:57]} Bc6 {[%clk 0:35:24]} 21. Nd4 {[%clk 0:59:52]} Qb7 {[%clk
0:33:52]} 22. Qb3 {[%clk 0:53:31]} Red8 {[%clk 0:33:04]} 23. Qa3 {[%clk 0:51:23]}
Qc7 {[%clk 0:32:19]} 24. Nxc6 {[%clk 0:47:24]} Qxc6 {[%clk 0:32:40]} 25. Qxa7
{[%clk 0:32:46]} Ra8 {[%clk 0:32:49]} 26. Qe7 {[%clk 0:33:11]} Ne4 {[%clk
0:20:51]} 27. Qb4 {[%clk 0:29:57]} Qc7 {[%clk 0:15:43]} 28. Rfd1 {[%clk 0:28:42]}
Rdc8 {[%clk 0:11:02]} 29. Rd4 {[%clk 0:21:38]} Nc5 {[%clk 0:10:37]} 30. Bd1
{[%clk 0:16:40]} Qd8 {[%clk 0:03:49]} 31. Bc2 {[%clk 0:11:58]} Na6 {[%clk
0:03:16]} 32. Qb5 {[%clk 0:11:28]} Nc5 {[%clk 0:03:24]} 33. Qe2 {[%clk 0:11:27]}
Rc7 {[%clk 0:03:27]} 34. Qh5 {[%clk 0:05:21]} Rca7 {[%clk 0:02:59]} 35. a3 {[%clk
0:02:50]} Qf6 {[%clk 0:02:42]} 36. Qf3 {[%clk 0:01:58]} Qe7 {[%clk 0:03:02]} 37.
Qe2 {[%clk 0:02:05]} Qc7 {[%clk 0:03:07]} 38. Qf3 {[%clk 0:02:03]} Qe7 {[%clk
0:03:11]} 39. Qd1 {[%clk 0:02:06]} Qc7 {[%clk 0:03:00]} 40. Qg4 {[%clk 0:32:02]}
Qe7 {[%clk 0:33:01]} 41. Re1 {[%clk 0:29:03]} Qe8 {[%clk 0:32:49]} 42. e4 {[%clk
0:28:43]} dxe4 {[%clk 0:32:58]} 43. Bxe4 {[%clk 0:28:55]} Nxe4 {[%clk 0:33:20]}
44. Qxe4 {[%clk 0:28:48]} Rd8 {[%clk 0:28:37]} 45. Red1 {[%clk 0:28:47]} Rxd4
{[%clk 0:27:03]} 46. Qxd4 {[%clk 0:28:56]} Qc6 {[%clk 0:23:57]} 47. Qd8+ {[%clk
0:28:17]} Kh7 {[%clk 0:24:17]} 48. Rd6 {[%clk 0:27:38]} Qe4 {[%clk 0:22:10]} 49.
Qxb6 {[%clk 0:26:53]} Qe1+ {[%clk 0:21:50]} 50. Kh2 {[%clk 0:27:15]} Ra4 {[%clk
0:21:45]} 51. Qe3 {[%clk 0:25:35]} Qa1 {[%clk 0:20:52]} 52. Qd3+ {[%clk 0:24:38]}
g6 {[%clk 0:19:56]} 53. Qd1 {[%clk 0:22:38]} Qxd1 {[%clk 0:18:49]} 54. Rxd1
{[%clk 0:23:02]} Kg7 {[%clk 0:19:11]} 55. Rd4 {[%clk 0:23:21]} Ra8 {[%clk
0:19:09]} 56. Rb4 {[%clk 0:22:18]} Kf6 {[%clk 0:19:30]} 57. a4 {[%clk 0:22:29]}
Ke5 {[%clk 0:19:41]} 58. b3 {[%clk 0:21:47]} Kd5 {[%clk 0:19:59]} 59. Rd4+ {[%clk
0:21:55]} Kc6 {[%clk 0:19:51]} 60. Kg1 {[%clk 0:20:55]} Ra5 {[%clk 0:19:54]} 61.
Kf1 {[%clk 0:19:39]} Rd5 {[%clk 0:16:13]} 62. Rxd5 {[%clk 0:19:29]} exd5 {[%clk
0:16:35]} 63. Ke2 {[%clk 0:19:52]} f5 {[%clk 0:15:25]} 64. f4 {[%clk 0:19:33]} g5
{[%clk 0:14:57]} 65. Kd3 {[%clk 0:19:24]} g4 {[%clk 0:14:36]} 66. b4 {[%clk
0:19:34]} h5 {[%clk 0:14:04]} 67. Kd4 {[%clk 0:19:53]} Kd6 {[%clk 0:13:46]} 68.
b5 {[%clk 0:20:09]} Kc7 {[%clk 0:14:06]} 69. Kc5 {[%clk 0:20:28]} Kb7 {[%clk
0:14:16]} 70. Kxd5 {[%clk 0:20:45]} Kb6 {[%clk 0:14:42]} 71. c4 {[%clk 0:21:05]}
Kb7 {[%clk 0:14:53]} 72. a5 {[%clk 0:21:30]} Ka7 {[%clk 0:15:12]} 73. c5 {[%clk
0:21:41]} Kb7 {[%clk 0:15:17]} 74. c6+ {[%clk 0:22:03]} Kb8 {[%clk 0:15:34]} 75.
b6 {[%clk 0:22:21]} Ka8 {[%clk 0:15:51]} 76. Kd6 {[%clk 0:21:50]} Kb8 {[%clk
0:16:10]} 77. c7+ {[%clk 0:22:14]} Kb7 {[%clk 0:16:23]} 78. Kd7 {[%clk 0:22:25]}
1-0

[Event "Greek Team Championship"]
[Site "chess24.com"]
[Date "2017.07.08"]
[Round "7"]
[White "Korniotis, Filippos"]
[Black "Kadianis, Georgios"]
[Result "1-0"]
[Board "8"]
[WhiteElo "2143"]
[WhiteCountry "GRE"]
[WhiteFideId "4236912"]
[WhiteEloChange "6"]
[BlackElo "1980"]
[BlackCountry "GRE"]
[BlackFideId "4264681"]
[BlackEloChange "-6"]

1. d4 {[%clk 1:30:30]} d5 {[%clk 1:30:44]} 2. c4 {[%clk 1:31:19]} c6 {[%clk
1:31:09]} 3. cxd5 {[%clk 1:31:45]} cxd5 {[%clk 1:31:33]} 4. Bf4 {[%clk 1:32:12]}
Nc6 {[%clk 1:31:48]} 5. e3 {[%clk 1:32:39]} Nf6 {[%clk 1:31:50]} 6. Nc3 {[%clk
1:33:05]} a6 {[%clk 1:32:05]} 7. Bd3 {[%clk 1:33:24]} e6 {[%clk 1:32:09]} 8. Rc1
{[%clk 1:32:12]} Bd7 {[%clk 1:30:53]} 9. h3 {[%clk 1:31:06]} b5 {[%clk 1:28:50]}
10. Nf3 {[%clk 1:31:23]} Be7 {[%clk 1:28:55]} 11. O-O {[%clk 1:31:49]} O-O {[%clk
1:28:57]} 12. Qe2 {[%clk 1:30:07]} Qb6 {[%clk 1:25:54]} 13. Ne5 {[%clk 1:00:17]}
Rfc8 {[%clk 1:20:12]} 14. a4 {[%clk 0:50:19]} b4 {[%clk 1:07:16]} 15. Nxd7 {[%clk
0:50:37]} Nxd7 {[%clk 1:07:39]} 16. Nb1 {[%clk 0:50:47]} b3 {[%clk 1:04:02]} 17.
Nd2 {[%clk 0:41:47]} Na5 {[%clk 0:52:21]} 18. Nf3 {[%clk 0:36:50]} Qb7 {[%clk
0:49:14]} 19. e4 {[%clk 0:35:40]} Nb6 {[%clk 0:32:34]} 20. Rxc8+ {[%clk 0:34:05]}
Nxc8 {[%clk 0:32:31]} 21. exd5 {[%clk 0:34:31]} exd5 {[%clk 0:32:42]} 22. Re1
{[%clk 0:29:36]} Nc6 {[%clk 0:29:07]} 23. Ng5 {[%clk 0:28:42]} g6 {[%clk
0:17:07]} 24. Nxh7 {[%clk 0:17:01]} Qb4 {[%clk 0:09:27]} 25. Bxg6 {[%clk
0:12:46]} fxg6 {[%clk 0:03:02]} 26. Qe6+ {[%clk 0:13:15]} Kg7 {[%clk 0:03:00]}
27. Re3 {[%clk 0:13:23]} N8a7 {[%clk 0:01:33]} 28. Rg3 {[%clk 0:13:14]} Qxd4
{[%clk 0:01:15]} 29. Qxg6+ {[%clk 0:13:26]} Kh8 {[%clk 0:01:40]} 30. Nf6 {[%clk
0:13:40]} 1-0

[Event "Greek Team Championship"]
[Site "chess24.com"]
[Date "2017.07.08"]
[Round "7"]
[White "Serpetsidakis, Nikolaos"]
[Black "Paraskevas, Georgios"]
[Result "1-0"]
[Board "9"]
[WhiteElo "2013"]
[WhiteCountry "GRE"]
[WhiteFideId "4260678"]
[WhiteEloChange "3"]
[BlackElo "1710"]
[BlackCountry "GRE"]
[BlackFideId "4262131"]
[BlackEloChange "-3"]

1. d4 {[%clk 1:30:59]} Nf6 {[%clk 1:26:13]} 2. c4 {[%clk 1:31:10]} d6 {[%clk
1:26:39]} 3. Nc3 {[%clk 1:31:23]} Nbd7 {[%clk 1:26:08]} 4. e3 {[%clk 1:29:22]} e5
{[%clk 1:26:03]} 5. Bd3 {[%clk 1:29:46]} Be7 {[%clk 1:26:16]} 6. Nge2 {[%clk
1:29:51]} O-O {[%clk 1:26:34]} 7. O-O {[%clk 1:30:15]} c6 {[%clk 1:26:11]} 8. b3
{[%clk 1:29:52]} a6 {[%clk 1:24:39]} 9. Ng3 {[%clk 1:27:54]} Re8 {[%clk 1:23:46]}
10. Bb2 {[%clk 1:23:56]} b5 {[%clk 1:23:29]} 11. Qc2 {[%clk 1:20:25]} Bb7 {[%clk
1:22:02]} 12. a4 {[%clk 1:20:02]} b4 {[%clk 1:18:41]} 13. Nce2 {[%clk 1:17:17]}
a5 {[%clk 1:17:51]} 14. f4 {[%clk 1:14:18]} Bf8 {[%clk 1:09:26]} 15. e4 {[%clk
0:51:42]} g6 {[%clk 0:53:08]} 16. Kh1 {[%clk 0:48:11]} Bg7 {[%clk 0:51:00]} 17.
h3 {[%clk 0:37:03]} Qe7 {[%clk 0:37:39]} 18. c5 {[%clk 0:35:36]} exd4 {[%clk
0:37:57]} 19. cxd6 {[%clk 0:35:57]} Qxd6 {[%clk 0:38:25]} 20. e5 {[%clk 0:34:24]}
Qe6 {[%clk 0:34:40]} 21. Nxd4 {[%clk 0:30:26]} Qd5 {[%clk 0:32:13]} 22. Bc4
{[%clk 0:30:06]} Qc5 {[%clk 0:32:35]} 23. exf6 {[%clk 0:30:01]} Bxf6 {[%clk
0:30:42]} 24. Ne4 {[%clk 0:29:28]} Qh5 {[%clk 0:30:36]} 25. Be2 {[%clk 0:23:18]}
Qh6 {[%clk 0:28:57]} 26. Nxf6+ {[%clk 0:16:09]} Nxf6 {[%clk 0:29:14]} 27. Bf3
{[%clk 0:16:25]} Re3 {[%clk 0:12:21]} 28. Nxc6 {[%clk 0:07:01]} Rc8 {[%clk
0:02:10]} 29. Bxf6 {[%clk 0:07:23]} Rxf3 {[%clk 0:01:28]} 30. Rxf3 {[%clk
0:07:40]} Bxc6 {[%clk 0:00:39]} 31. Rd1 {[%clk 0:07:48]} Qf8 {[%clk 0:00:32]} 32.
Rfd3 {[%clk 0:07:09]} 1-0

[Event "Greek Team Championship"]
[Site "chess24.com"]
[Date "2017.07.08"]
[Round "7"]
[White "Tzavaras, Spyridon"]
[Black "Papidakis, Georgios"]
[Result "0-1"]
[Board "10"]
[WhiteElo "1321"]
[WhiteCountry "GRE"]
[WhiteFideId "25800140"]
[WhiteEloChange "-3"]
[BlackElo "1635"]
[BlackCountry "GRE"]
[BlackFideId "4295099"]
[BlackEloChange "3"]

1. e4 {[%clk 1:30:57]} c6 {[%clk 1:30:56]} 2. d4 {[%clk 1:31:23]} d5 {[%clk
1:31:20]} 3. e5 {[%clk 1:31:45]} Bf5 {[%clk 1:31:45]} 4. h4 {[%clk 1:32:09]} h5
{[%clk 1:32:07]} 5. c4 {[%clk 1:32:26]} e6 {[%clk 1:32:20]} 6. Nc3 {[%clk
1:32:32]} Nd7 {[%clk 1:32:04]} 7. Nge2 {[%clk 1:27:52]} Ne7 {[%clk 1:23:16]} 8.
Ng3 {[%clk 1:24:56]} Bg6 {[%clk 1:14:51]} 9. Be2 {[%clk 1:12:31]} Nc8 {[%clk
1:10:44]} 10. b3 {[%clk 1:02:48]} Be7 {[%clk 1:00:50]} 11. Nxh5 {[%clk 0:58:33]}
Bxh5 {[%clk 1:00:05]} 12. Bxh5 {[%clk 0:57:47]} g6 {[%clk 1:00:19]} 13. Be2
{[%clk 0:57:40]} Rxh4 {[%clk 0:59:52]} 14. Rxh4 {[%clk 0:56:54]} Bxh4 {[%clk
1:00:20]} 15. Be3 {[%clk 0:54:28]} Be7 {[%clk 0:47:08]} 16. Qc2 {[%clk 0:48:23]}
Ba3 {[%clk 0:42:12]} 17. Nb1 {[%clk 0:18:57]} Bb4+ {[%clk 0:41:21]} 18. Nc3
{[%clk 0:19:03]} Qh4 {[%clk 0:28:34]} 19. O-O-O {[%clk 0:17:10]} Ne7 {[%clk
0:28:36]} 20. g3 {[%clk 0:12:38]} Qh7 {[%clk 0:28:51]} 21. Bf3 {[%clk 0:12:33]}
Nf5 {[%clk 0:23:03]} 22. Rh1 {[%clk 0:08:10]} Qg7 {[%clk 0:22:16]} 23. Ne2 {[%clk
0:07:16]} dxc4 {[%clk 0:14:16]} 24. bxc4 {[%clk 0:05:04]} Be7 {[%clk 0:07:29]}
25. Be4 {[%clk 0:02:09]} O-O-O {[%clk 0:05:26]} 26. Qa4 {[%clk 0:00:59]} Nxe3
{[%clk 0:02:28]} 27. fxe3 {[%clk 0:01:27]} Kb8 {[%clk 0:02:24]} 28. Kc2 {[%clk
0:01:13]} Nb6 {[%clk 0:01:51]} 29. Qb3 {[%clk 0:01:22]} c5 {[%clk 0:01:13]} 30.
Rb1 {[%clk 0:01:16]} Rc8 {[%clk 0:00:58]} 31. Bd3 {[%clk 0:00:54]} Rc7 {[%clk
0:00:39]} 32. a4 {[%clk 0:00:48]} f5 {[%clk 0:00:40]} 33. Nf4 {[%clk 0:00:46]}
Qf7 {[%clk 0:00:46]} 34. a5 {[%clk 0:00:51]} Nc8 {[%clk 0:00:42]} 35. d5 {[%clk
0:00:53]} exd5 {[%clk 0:00:46]} 36. cxd5 {[%clk 0:01:05]} g5 {[%clk 0:00:39]} 37.
d6 {[%clk 0:00:42]} Qxb3+ {[%clk 0:01:07]} 38. Rxb3 {[%clk 0:01:09]} Bxd6 {[%clk
0:01:14]} 39. exd6 {[%clk 0:01:05]} Nxd6 {[%clk 0:01:42]} 40. Ne6 {[%clk
0:00:55]} c4 {[%clk 0:01:52]} 41. Nxc7 {[%clk 0:28:54]} cxb3+ {[%clk 0:32:11]}
42. Kxb3 {[%clk 0:29:10]} Kxc7 {[%clk 0:32:32]} 43. Kb4 {[%clk 0:27:56]} b6
{[%clk 0:23:12]} 44. axb6+ {[%clk 0:25:20]} Kxb6 {[%clk 0:22:55]} 45. Ka4 {[%clk
0:24:42]} Ne4 {[%clk 0:21:15]} 46. Bxe4 {[%clk 0:23:40]} fxe4 {[%clk 0:21:44]}
47. Kb4 {[%clk 0:23:42]} a5+ {[%clk 0:21:23]} 48. Kc4 {[%clk 0:23:18]} Kc6 {[%clk
0:21:37]} 49. Kd4 {[%clk 0:23:17]} a4 {[%clk 0:21:28]} 50. Kc4 {[%clk 0:23:43]}
a3 {[%clk 0:21:53]} 51. Kb3 {[%clk 0:24:09]} Kc5 {[%clk 0:22:19]} 52. g4 {[%clk
0:24:05]} a2 {[%clk 0:22:43]} 53. Kxa2 {[%clk 0:24:25]} Kc4 {[%clk 0:23:12]} 54.
Kb2 {[%clk 0:24:47]} Kd3 {[%clk 0:23:38]} 55. Kc1 {[%clk 0:25:13]} Kxe3 {[%clk
0:24:00]} 56. Kd1 {[%clk 0:25:37]} Kf3 {[%clk 0:24:15]} 57. Ke1 {[%clk 0:25:57]}
Kxg4 {[%clk 0:24:38]} 58. Kf2 {[%clk 0:26:12]} Kf4 {[%clk 0:25:04]} 59. Ke2
{[%clk 0:26:35]} g4 {[%clk 0:25:24]} 0-1

[Event "Greek Team Championship"]
[Site "chess24.com"]
[Date "2017.07.08"]
[Round "7"]
[White "Nikolov, Momchil"]
[Black "Balogh, Csaba"]
[Result "1/2-1/2"]
[Board "1"]
[WhiteElo "2567"]
[WhiteTitle "GM"]
[WhiteCountry "BUL"]
[WhiteFideId "2905710"]
[WhiteEloChange "1"]
[BlackElo "2641"]
[BlackTitle "GM"]
[BlackCountry "HUN"]
[BlackFideId "718939"]
[BlackEloChange "-1"]

1. d4 {[%clk 1:25:22]} d5 {[%clk 1:30:18]} 2. c4 {[%clk 1:25:29]} c6 {[%clk
1:30:39]} 3. Nf3 {[%clk 1:25:43]} Nf6 {[%clk 1:31:01]} 4. Nc3 {[%clk 1:26:04]}
dxc4 {[%clk 1:31:23]} 5. a4 {[%clk 1:26:26]} e6 {[%clk 1:30:55]} 6. e3 {[%clk
1:26:38]} c5 {[%clk 1:31:18]} 7. Bxc4 {[%clk 1:26:57]} cxd4 {[%clk 1:31:38]} 8.
exd4 {[%clk 1:27:18]} Nc6 {[%clk 1:31:56]} 9. O-O {[%clk 1:27:26]} Be7 {[%clk
1:32:20]} 10. Qe2 {[%clk 1:27:39]} O-O {[%clk 1:32:12]} 11. Rd1 {[%clk 1:27:48]}
Nb4 {[%clk 1:32:05]} 12. Bg5 {[%clk 1:27:30]} h6 {[%clk 1:32:09]} 13. Bxf6 {[%clk
1:27:31]} Bxf6 {[%clk 1:32:34]} 14. Ne4 {[%clk 1:27:23]} b6 {[%clk 1:30:38]} 15.
Ne5 {[%clk 1:27:10]} Bh4 {[%clk 1:29:34]} 16. a5 {[%clk 1:26:45]} bxa5 {[%clk
1:29:09]} 17. Ra3 {[%clk 1:26:10]} Bb7 {[%clk 1:23:51]} 18. Nc5 {[%clk 1:13:29]}
Bd5 {[%clk 1:15:15]} 19. Bxd5 {[%clk 1:03:08]} Nxd5 {[%clk 1:15:04]} 20. g3
{[%clk 0:58:23]} Bf6 {[%clk 1:11:54]} 21. Rda1 {[%clk 0:50:52]} Nb4 {[%clk
1:06:20]} 22. Qe4 {[%clk 0:46:13]} Bxe5 {[%clk 1:03:15]} 23. dxe5 {[%clk
0:46:12]} Qd5 {[%clk 0:38:40]} 24. Rxa5 {[%clk 0:37:22]} Qxe4 {[%clk 0:38:28]}
25. Nxe4 {[%clk 0:36:47]} Rfb8 {[%clk 0:37:34]} 26. f4 {[%clk 0:17:48]} Nc6
{[%clk 0:27:44]} 27. Ra6 {[%clk 0:16:59]} Nd4 {[%clk 0:27:05]} 28. R1a4 {[%clk
0:13:29]} Nc2 {[%clk 0:21:33]} 29. Rxa7 {[%clk 0:10:35]} Rxa7 {[%clk 0:21:58]}
30. Rxa7 {[%clk 0:11:00]} Rxb2 {[%clk 0:22:22]} 31. Nc3 {[%clk 0:08:33]} Nd4
{[%clk 0:17:51]} 32. Ra2 {[%clk 0:08:34]} Rxa2 {[%clk 0:08:10]} 1/2-1/2

[Event "Greek Team Championship"]
[Site "chess24.com"]
[Date "2017.07.08"]
[Round "7"]
[White "Tzermiadianos, Andreas"]
[Black "Markidis, Konstantinos"]
[Result "1-0"]
[Board "2"]
[WhiteElo "2428"]
[WhiteTitle "IM"]
[WhiteCountry "GRE"]
[WhiteFideId "4200853"]
[WhiteEloChange "4"]
[BlackElo "2370"]
[BlackCountry "GRE"]
[BlackFideId "4203500"]
[BlackEloChange "-8"]

1. e4 {[%clk 1:29:38]} e5 {[%clk 1:30:51]} 2. Nf3 {[%clk 1:29:55]} Nc6 {[%clk
1:31:14]} 3. Nc3 {[%clk 1:30:19]} Nf6 {[%clk 1:30:56]} 4. d4 {[%clk 1:30:39]}
exd4 {[%clk 1:29:14]} 5. Nxd4 {[%clk 1:30:31]} Bb4 {[%clk 1:25:55]} 6. Nxc6
{[%clk 1:30:43]} bxc6 {[%clk 1:26:17]} 7. Bd3 {[%clk 1:31:01]} O-O {[%clk
1:19:54]} 8. O-O {[%clk 1:31:08]} Re8 {[%clk 1:19:20]} 9. Qf3 {[%clk 1:30:52]}
Bf8 {[%clk 1:16:05]} 10. h3 {[%clk 1:17:32]} d6 {[%clk 1:15:42]} 11. Bg5 {[%clk
1:14:30]} h6 {[%clk 1:10:25]} 12. Bd2 {[%clk 1:07:59]} g6 {[%clk 1:02:18]} 13.
Rae1 {[%clk 1:05:31]} Bg7 {[%clk 0:52:32]} 14. e5 {[%clk 1:01:38]} dxe5 {[%clk
0:50:01]} 15. Qxc6 {[%clk 1:01:57]} Rb8 {[%clk 0:39:13]} 16. Be3 {[%clk 0:56:51]}
Rxb2 {[%clk 0:33:38]} 17. Rb1 {[%clk 0:56:44]} Rxb1 {[%clk 0:29:17]} 18. Rxb1
{[%clk 0:57:06]} Be6 {[%clk 0:25:44]} 19. Bxa7 {[%clk 0:54:24]} Bd7 {[%clk
0:16:18]} 20. Qb7 {[%clk 0:47:24]} Nh5 {[%clk 0:14:28]} 21. Rd1 {[%clk 0:43:44]}
Bc8 {[%clk 0:11:52]} 22. Qf3 {[%clk 0:35:09]} Qe7 {[%clk 0:11:28]} 23. Bb5 {[%clk
0:34:16]} Rf8 {[%clk 0:08:44]} 24. Nd5 {[%clk 0:33:11]} Qg5 {[%clk 0:05:19]} 25.
Bc5 {[%clk 0:30:43]} e4 {[%clk 0:05:17]} 26. Qxe4 {[%clk 0:30:35]} Bf5 {[%clk
0:04:32]} 27. Ne7+ {[%clk 0:30:14]} Kh8 {[%clk 0:03:32]} 28. Nxf5 {[%clk
0:30:35]} gxf5 {[%clk 0:03:40]} 29. Qf3 {[%clk 0:26:36]} Rg8 {[%clk 0:03:58]} 30.
Bc4 {[%clk 0:26:09]} Nf6 {[%clk 0:02:19]} 31. Bxf7 {[%clk 0:25:58]} Rb8 {[%clk
0:02:41]} 32. Be3 {[%clk 0:26:00]} f4 {[%clk 0:01:46]} 33. Qxf4 {[%clk 0:26:05]}
Qa5 {[%clk 0:01:57]} 34. Bb3 {[%clk 0:25:20]} Rf8 {[%clk 0:02:22]} 35. Qh4 {[%clk
0:25:10]} Kh7 {[%clk 0:02:38]} 36. c4 {[%clk 0:24:43]} Re8 {[%clk 0:02:02]} 37.
Qf4 {[%clk 0:22:02]} Kh8 {[%clk 0:02:06]} 38. c5 {[%clk 0:21:43]} Ne4 {[%clk
0:01:35]} 39. Bd4 {[%clk 0:20:02]} Ng5 {[%clk 0:00:32]} 40. Bxg7+ {[%clk
0:50:01]} Kxg7 {[%clk 0:30:43]} 41. Rd7+ {[%clk 0:50:18]} 1-0

[Event "Greek Team Championship"]
[Site "chess24.com"]
[Date "2017.07.08"]
[Round "7"]
[White "Dimitrov, Atanas"]
[Black "Gazis, Efstathios"]
[Result "1-0"]
[Board "3"]
[WhiteElo "2291"]
[WhiteTitle "IM"]
[WhiteCountry "GRE"]
[WhiteFideId "2901315"]
[WhiteEloChange "8"]
[BlackElo "2232"]
[BlackTitle "FM"]
[BlackCountry "GRE"]
[BlackFideId "4200659"]
[BlackEloChange "-8"]

1. d4 {[%clk 1:30:56]} Nf6 {[%clk 1:28:51]} 2. c4 {[%clk 1:31:18]} e6 {[%clk
1:29:15]} 3. g3 {[%clk 1:31:39]} Bb4+ {[%clk 1:29:11]} 4. Bd2 {[%clk 1:31:56]}
Qe7 {[%clk 1:29:35]} 5. Bg2 {[%clk 1:32:12]} Nc6 {[%clk 1:29:51]} 6. e3 {[%clk
1:31:51]} Bxd2+ {[%clk 1:28:53]} 7. Qxd2 {[%clk 1:32:09]} e5 {[%clk 1:28:22]} 8.
d5 {[%clk 1:31:57]} Nb8 {[%clk 1:28:18]} 9. Nc3 {[%clk 1:32:21]} d6 {[%clk
1:28:27]} 10. Nge2 {[%clk 1:32:42]} O-O {[%clk 1:28:17]} 11. h3 {[%clk 1:32:45]}
Nbd7 {[%clk 1:26:44]} 12. g4 {[%clk 1:32:47]} Nb6 {[%clk 1:25:46]} 13. b3 {[%clk
1:32:45]} a5 {[%clk 1:25:44]} 14. Ng3 {[%clk 1:27:53]} Nfd7 {[%clk 1:08:34]} 15.
O-O {[%clk 1:12:20]} Nc5 {[%clk 1:08:45]} 16. Nce4 {[%clk 0:54:09]} Nxe4 {[%clk
1:07:48]} 17. Bxe4 {[%clk 0:54:34]} Qh4 {[%clk 1:05:09]} 18. Kg2 {[%clk 0:51:44]}
g6 {[%clk 1:05:25]} 19. f4 {[%clk 0:50:04]} exf4 {[%clk 0:59:35]} 20. exf4 {[%clk
0:45:18]} a4 {[%clk 0:55:56]} 21. Rae1 {[%clk 0:40:40]} axb3 {[%clk 0:56:19]} 22.
axb3 {[%clk 0:41:08]} Ra3 {[%clk 0:46:33]} 23. Rf3 {[%clk 0:36:02]} Bd7 {[%clk
0:38:04]} 24. Qb2 {[%clk 0:30:31]} Rfa8 {[%clk 0:36:07]} 25. Bb1 {[%clk 0:30:48]}
Nxc4 {[%clk 0:28:39]} 26. bxc4 {[%clk 0:31:12]} Rxf3 {[%clk 0:28:58]} 27. Kxf3
{[%clk 0:31:40]} Qxh3 {[%clk 0:29:16]} 28. f5 {[%clk 0:30:52]} h5 {[%clk
0:26:54]} 29. gxh5 {[%clk 0:29:54]} gxf5 {[%clk 0:25:07]} 30. h6 {[%clk 0:20:44]}
Qg4+ {[%clk 0:18:06]} 31. Kg2 {[%clk 0:18:51]} Qg5 {[%clk 0:08:25]} 32. Re7
{[%clk 0:08:02]} Ra3 {[%clk 0:07:16]} 33. Qg7+ {[%clk 0:07:08]} Qxg7 {[%clk
0:07:40]} 34. hxg7 {[%clk 0:07:35]} f4 {[%clk 0:05:43]} 35. Nh5 {[%clk 0:07:59]}
f3+ {[%clk 0:04:18]} 36. Kf2 {[%clk 0:07:26]} 1-0

[Event "Greek Team Championship"]
[Site "chess24.com"]
[Date "2017.07.08"]
[Round "7"]
[White "Azis, Azizis Ektoras"]
[Black "Antonoglou, Christos"]
[Result "1-0"]
[Board "4"]
[WhiteElo "2218"]
[WhiteTitle "FM"]
[WhiteCountry "GRE"]
[WhiteFideId "4207637"]
[WhiteEloChange "3"]
[BlackElo "1896"]
[BlackCountry "GRE"]
[BlackFideId "4296745"]
[BlackEloChange "-3"]

1. Nf3 {[%clk 1:30:54]} d5 {[%clk 1:30:49]} 2. b3 {[%clk 1:31:08]} Nf6 {[%clk
1:28:51]} 3. Bb2 {[%clk 1:31:27]} c5 {[%clk 1:27:38]} 4. e3 {[%clk 1:31:51]} Nc6
{[%clk 1:22:00]} 5. Bb5 {[%clk 1:32:13]} Bg4 {[%clk 1:17:53]} 6. h3 {[%clk
1:31:35]} Bxf3 {[%clk 1:17:41]} 7. Bxc6+ {[%clk 1:30:51]} bxc6 {[%clk 1:18:02]}
8. Qxf3 {[%clk 1:31:13]} e6 {[%clk 1:17:14]} 9. O-O {[%clk 1:28:37]} Be7 {[%clk
1:15:34]} 10. d3 {[%clk 1:27:47]} Qc7 {[%clk 1:14:31]} 11. Nd2 {[%clk 1:24:25]}
O-O {[%clk 1:12:38]} 12. e4 {[%clk 1:24:20]} e5 {[%clk 1:05:35]} 13. Rfe1 {[%clk
1:16:57]} Bd6 {[%clk 1:05:19]} 14. Re2 {[%clk 1:12:35]} Rfe8 {[%clk 1:01:23]} 15.
Rae1 {[%clk 1:10:12]} Rad8 {[%clk 0:56:35]} 16. a4 {[%clk 1:05:42]} Qb8 {[%clk
0:48:17]} 17. Bc3 {[%clk 0:57:54]} Bc7 {[%clk 0:46:54]} 18. Nf1 {[%clk 0:50:14]}
Re6 {[%clk 0:42:15]} 19. g4 {[%clk 0:47:38]} g6 {[%clk 0:38:56]} 20. Bd2 {[%clk
0:41:21]} Ne8 {[%clk 0:34:20]} 21. Ne3 {[%clk 0:37:55]} Qb7 {[%clk 0:30:37]} 22.
g5 {[%clk 0:34:58]} Rd7 {[%clk 0:22:02]} 23. Ng4 {[%clk 0:25:41]} d4 {[%clk
0:19:57]} 24. Qg3 {[%clk 0:25:01]} f6 {[%clk 0:16:25]} 25. h4 {[%clk 0:21:38]}
Bd8 {[%clk 0:11:50]} 26. f4 {[%clk 0:19:14]} exf4 {[%clk 0:07:57]} 27. Bxf4
{[%clk 0:19:09]} Bc7 {[%clk 0:07:52]} 28. Rf1 {[%clk 0:16:59]} Bxf4 {[%clk
0:05:04]} 29. Rxf4 {[%clk 0:14:21]} f5 {[%clk 0:04:28]} 30. Nh6+ {[%clk 0:14:01]}
Kh8 {[%clk 0:04:05]} 31. Ref2 {[%clk 0:11:45]} Ng7 {[%clk 0:01:16]} 32. exf5
{[%clk 0:10:37]} gxf5 {[%clk 0:01:42]} 33. Rxf5 {[%clk 0:09:08]} Nxf5 {[%clk
0:01:53]} 34. Rxf5 {[%clk 0:09:29]} Kg7 {[%clk 0:01:30]} 35. Rf6 {[%clk 0:06:27]}
Rxf6 {[%clk 0:00:55]} 36. Qe5 {[%clk 0:06:25]} 1-0